Il disagio dell'inciviltà : forme contemporanee del dominio /

সংরক্ষণ করুন:
গ্রন্থ-পঞ্জীর বিবরন
প্রধান লেখক: Coppo, Piero, (1940- ) (লেখক)
অন্যান্য লেখক: Consigliere, Stefania, Paravagna, Simona
বিন্যাস: গ্রন্থ
ভাষা:ইতালিয়
প্রকাশিত: Paderno Dugnano : Colibrì, 2008
মালা:I libri dell'oroboro
ট্যাগগুলো: ট্যাগ যুক্ত করুন
কোনো ট্যাগ নেই, প্রথমজন হিসাবে ট্যাগ করুন!

MARC

LEADER 00000nam a22000007i 4500
001 IT\ICCU\UBO\3530078
003 ItRI
005 20260115232148.0
008 081124s2008 it |||||| ||||| |||||c
020 |a 9788886345903 
040 |b ita  |c importazione bologna sebina 
041 7 |a ita  |2 ISO-639-2 
100 1 |a Coppo, Piero,  |d  (1940- )  |0 IT\ICCU\CFIV\084070  |4 aut 
245 1 3 |a Il disagio dell'inciviltà :  |b forme contemporanee del dominio /  |c Piero Coppo, Stefania Consigliere, Simona Paravagna. 
260 |a Paderno Dugnano :  |b Colibrì,  |c 2008 
300 |a 141 p. ;  |c 22 cm. 
700 1 |a Consigliere, Stefania  |0 IT\ICCU\CFIV\200229 
700 1 |a Paravagna, Simona  |0 IT\ICCU\UBOV\062741 
830 2 |a I libri dell'oroboro  |0 IT\ICCU\PUV\0476427 
942 |2 ddc  |c BK  |n 0 
952 |0 0  |1 0  |4 0  |6 DOC_155_600000000000000_COP  |7 0  |9 21215  |a BO  |b BO  |d 2026-01-15  |i 12259  |l 0  |o DOC 155.6 COP  |p BO12259  |r 2026-01-15 23:21:48  |w 2026-01-15  |x [Sebina 5] [1 v.]  |y BK  |z 1 v. 
999 |c 18129  |d 18129